| 000 | 00500nam a22001697a 4500 | ||
|---|---|---|---|
| 003 | OSt | ||
| 005 | 20251114083819.0 | ||
| 008 | 251114b |||||||| |||| 00| 0 eng d | ||
| 020 | _a0060653604 | ||
| 040 | _cHARPER & ROW ,PUBLISHERS | ||
| 050 |
_aHQ 801 .M47 1982 _b .M47 1982 |
||
| 245 |
_aTHE ROMANCE FACTOR/ _cLOY, ALAN MCGINNIS |
||
| 250 | _a1ST EDITION | ||
| 260 |
_aSAN FRANCISCO: _bHARPER & ROW PUBLISHER, _c1982 |
||
| 300 |
_avii,214 p, _bhardcover, ill, som col, _c21.5 cm, |
||
| 942 |
_2lcc _cBK _n0 |
||
| 999 |
_c9807 _d9807 |
||